Short Textbook of Public Health Medicine for the Tropics (Record no. 755)

MARC details
000 -LEADER
fixed length control field 01133cam a22003617a 4500
001 - CONTROL NUMBER
control field 13254745
003 - CONTROL NUMBER IDENTIFIER
control field OSt
005 - DATE AND TIME OF LATEST TRANSACTION
control field 20170503173446.0
008 - FIXED-LENGTH DATA ELEMENTS--GENERAL INFORMATION
fixed length control field 021112s2003 enkabf b 001 0 eng
010 ## - LIBRARY OF CONGRESS CONTROL NUMBER
LC control number 2003464595
015 ## - NATIONAL BIBLIOGRAPHY NUMBER
National bibliography number GBA2-76222
016 7# - NATIONAL BIBLIOGRAPHIC AGENCY CONTROL NUMBER
Record control number 101162848
Source DNLM
020 ## - INTERNATIONAL STANDARD BOOK NUMBER
International Standard Book Number 0340759887
020 ## - INTERNATIONAL STANDARD BOOK NUMBER
International Standard Book Number 0340807385
035 ## - SYSTEM CONTROL NUMBER
System control number (OCoLC)ocm51001912
040 ## - CATALOGING SOURCE
Original cataloging agency NLM
Transcribing agency DLC
Modifying agency DLC
042 ## - AUTHENTICATION CODE
Authentication code nlmcopyc
-- lccopycat
050 00 - LIBRARY OF CONGRESS CALL NUMBER
Classification number RC961.5
Item number .L83 2003
060 00 - NATIONAL LIBRARY OF MEDICINE CALL NUMBER
Classification number 2002 O-116
060 10 - NATIONAL LIBRARY OF MEDICINE CALL NUMBER
Classification number WC 680
Item number L933s 2003
082 04 - DEWEY DECIMAL CLASSIFICATION NUMBER
Classification number WA 100 L963s 2003
Edition number 21
100 1# - MAIN ENTRY--PERSONAL NAME
Personal name Lucas, Adetokunbo O.; Gilles Henry M.
9 (RLIN) 2002
245 10 - TITLE STATEMENT
Title Short Textbook of Public Health Medicine for the Tropics
250 ## - EDITION STATEMENT
Edition statement 4th ed.
260 ## - PUBLICATION, DISTRIBUTION, ETC. (IMPRINT)
Name of publisher, distributor, etc. Oxford University Press,
Date of publication, distribution, etc. 2003.
300 ## - PHYSICAL DESCRIPTION
Extent x, 389 p.; col.ill:
Dimensions 25 cm.
Accompanying material maps
504 ## - BIBLIOGRAPHY, ETC. NOTE
Bibliography, etc Includes bibliographical references and index.
650 #0 - SUBJECT ADDED ENTRY--TOPICAL TERM
Topical term or geographic name as entry element Public health
9 (RLIN) 2003
650 22 - SUBJECT ADDED ENTRY--TOPICAL TERM
Topical term or geographic name as entry element Preventive Medicine.
9 (RLIN) 2005
856 42 - ELECTRONIC LOCATION AND ACCESS
Materials specified Publisher description
Uniform Resource Identifier http://www.loc.gov/catdir/enhancements/fy0616/2003464595-d.html
906 ## - LOCAL DATA ELEMENT F, LDF (RLIN)
a 7
b cbc
c copycat
d 2
e ncip
f 20
g y-gencatlg
942 ## - ADDED ENTRY ELEMENTS (KOHA)
Source of classification or shelving scheme Other/Generic Classification Scheme
Koha item type Short Loan
Holdings
Withdrawn status Lost status Source of classification or shelving scheme Damaged status Not for loan Home library Current library Date acquired Source of acquisition Inventory number Total Checkouts Barcode Date last seen Price effective from Koha item type
    Other/Generic Classification Scheme     MUST Main Library MUST Main Library 17/11/2014   2005/23885   2014-3374 17/11/2014 17/11/2014 Short Loan